| 000 | 00602nam a2200169 i 4500 | ||
|---|---|---|---|
| 001 | 150702 | ||
| 003 | ES-MaACL | ||
| 005 | 20230906203641.0 | ||
| 007 | t| | ||
| 008 | 071106q19501959sp ||||1| spa d | ||
| 100 | 1 |
_aDols Sacristán, Antonio. _945048 |
|
| 245 | 1 | 0 |
_aContabilidad y organización de las cooperativas del campo y de crédito / _cpor Antonio Dols Sacristán ; prólogo de Alfonso González Rubio. |
| 260 |
_aCastellón : _b[s.n., _c195-?] ( _fHijos de F. Armengot) |
||
| 300 |
_a201 p. ; _c21 cm. |
||
| 700 | 1 |
_aGonzález Rubio, Alfonso. _958940 |
|
| 852 |
_aES-MaACL _jC-10927 _bR.38978 |
||
| 999 |
_c150702 _d150702 |
||